Pakistan - Podział administracyjny Pakistanu - Mapa - Statystyki

Ogólne statystyki
  • Ten quiz został rozwiązany 97 razy
  • Średni wynik to 3 z 7
Odpowiedzi na mapie
Odpowiedzi zakodowano w zielono-czerwonej skali na mapie do tego quizu, zgodnie z poniższymi procentami.
 
Statystyki odpowiedzi
Odpowiedź Siedziba % Poprawnych
Islamabad
92%
Sindh Karaczi
78%
Pendżab Lahaur
64%
Beludżystan Kweta
47%
Azad Dżammu i Kaszmir Muzaffarabad
25%
Gilgit-Baltistan Gilgit
22%
Chajber Pasztunchwa Peszawar
19%
Nie znaleziono quizów pasujących do podanych kryteriów
Rozkład punktacji
Procent ludzi z każdym wynikiem
Percentyl według liczby udzielonych odpowiedzi
Twoja historia wyników
Nie rozwiązałeś tego quizu